000 00488nam a22001817a 4500
999 _c176860
_d176860
005 20210227120452.0
010 _aB-58610
020 _a8185989745
035 _aB-58610
037 _bGalgotia Publishing Company
082 _a657.42
100 _aMittal, D. K.
245 _aCost Accounting /
_cMittal, D. K.
260 _aNew Delhi
_bGalgotia Publishing Company
_c2001
300 _a1330p.
_c23cm (HB)
710 _aMittal, Luv
942 _2ddc
_cEN
_h657.42
_mMIT